[Event "FRA-chT2 1011"]
[Site "France"]
[Date "2010.10.17"]
[Round "1.7"]
[White "Heimann, Udo"]
[Black "San Marco, Jean"]
[Result "0-1"]
[WhiteElo "1951"]
[BlackElo "2019"]
[PlyCount "54"]
[EventDate "2010.10.17"]
[EventType "team-tourn"]
[EventRounds "11"]
[EventCountry "FRA"]
[SourceTitle "EXT 2012"]
[Source "ChessBase"]
[SourceDate "2011.11.24"]
[SourceVersion "1"]
[SourceVersionDate "2011.11.24"]
[SourceQuality "1"]

1. f4 d5 2. Nf3 c5 3. e3 Nc6 4. Be2 Nf6 5. d3 e6 6. 0-0 Bd6 7. Qe1 0-0 8. Nc3 b6 9. e4 dxe4 10. dxe4 e5 11. f5 Nd4 12. Bd3 c4 13. Bxc4 Nxc2 14. Qe2 Nxa1 15. Bg5 Bb7 16. Rxa1 Rc8 17. Rd1 Bc5+ 18. Kh1 Qe7 19. Bb5 Rfd8 20. Nd5 Bxd5 21. exd5 e4 22. Bxf6 exf3 23. Qxe7 Bxe7 24. Bxe7 Rxd5 25. Rf1 fxg2+ 26. Kxg2 Rxb5 27. Rf2 f6 0-1

[Event "FRA-chT2 West 0809"]
[Site "France"]
[Date "2009.03.15"]
[Round "9.6"]
[White "Heimann, Udo"]
[Black "Galloux, Maxime"]
[Result "0-1"]
[WhiteElo "1942"]
[BlackElo "2062"]
[PlyCount "106"]
[EventDate "2008.10.19"]
[EventType "team-tourn"]
[EventRounds "11"]
[EventCountry "FRA"]
[SourceTitle "EXT 2010"]
[Source "ChessBase"]
[SourceDate "2010.11.25"]
[SourceVersion "1"]
[SourceVersionDate "2010.11.25"]
[SourceQuality "1"]
[WhiteTeam "Saint Quentin"]
[BlackTeam "Echiquier Bordelais"]
[WhiteTeamCountry "FRA"]
[BlackTeamCountry "FRA"]

1. f4 d5 2. Nf3 Bg4 3. e3 Nd7 4. Be2 Ngf6 5. 0-0 Bxf3 6. Bxf3 e5 7. fxe5 Nxe5 8. Nc3 c6 9. d3 Bd6 10. e4 d4 11. Nb1 Qc7 12. Bf4 h5 13. h3 0-0-0 14. Nd2 Neg4 15. Bxd6 Qxd6 16. hxg4 hxg4 17. Bxg4+ Kb8 18. Bh3 Rxh3 19. Nf3 Qg3 20. Qe1 Ng4 21. Qxg3+ Rxg3 22. Nh4 Ne5 23. Rf5 f6 24. Kf2 Rg4 25. Nf3 Ng6 26. Rh1 b6 27. g3 Ne7 28. Rfh5 c5 29. Nh4 Kc7 30. Kf3 Rg5 31. Ng2 Rf8 32. Nf4 Rxh5 33. Rxh5 Kd6 34. Rh7 g5 35. Rxe7 gxf4 36. Rxa7 fxg3 37. Kxg3 f5 38. exf5 Rxf5 39. Rh7 Rf1 40. Rh6+ Kc7 41. a4 Kb7 42. b3 Ka6 43. Re6 Ka5 44. Kg2 Rc1 45. Kf3 Rxc2 46. Ke4 Rb2 47. Kd5 Rxb3 48. Re8 Kxa4 49. Ra8+ Kb4 50. Ke4 Kc3 51. Ra4 b5 52. Ra8 c4 53. Rc8 Rb1 0-1

[Event "FRA-chT2 West 0809"]
[Site "France"]
[Date "2009.02.08"]
[Round "7.7"]
[White "Heimann, Udo"]
[Black "Ricbour, Jeremy"]
[Result "1/2-1/2"]
[WhiteElo "1942"]
[BlackElo "2183"]
[PlyCount "99"]
[EventDate "2008.10.19"]
[EventType "team-tourn"]
[EventRounds "11"]
[EventCountry "FRA"]
[SourceTitle "EXT 2010"]
[Source "ChessBase"]
[SourceDate "2010.11.25"]
[SourceVersion "1"]
[SourceVersionDate "2010.11.25"]
[SourceQuality "1"]
[WhiteTeam "Saint Quentin"]
[BlackTeam "Issy les Moulineaux"]
[WhiteTeamCountry "FRA"]
[BlackTeamCountry "FRA"]

1. f4 d5 2. Nf3 c5 3. e3 Nc6 4. Be2 Bg4 5. b3 e6 6. Bb2 f6 7. 0-0 Qc7 8. Nc3 a6 9. h3 Bxf3 10. Bxf3 Nh6 11. Bh5+ Kd8 12. Ne2 Bd6 13. d4 Ke7 14. c4 dxc4 15. d5 Na5 16. Nc3 e5 17. Ne4 Raf8 18. fxe5 Bxe5 19. Bxe5 Qxe5 20. Bf3 f5 21. Nf2 Kd8 22. Qd2 b6 23. Rab1 Rf6 24. e4 Re8 25. Rfe1 Qd6 26. Qg5 Kc8 27. Qxg7 Re7 28. Qg5 Rg6 29. Qe3 Qg3 30. e5 Nf7 31. e6 Nd6 32. Nh1 Qxh3 33. Qf4 Kc7 34. Kf2 Qh6 35. Qxh6 Rxh6 36. Ng3 Rh4 37. Re5 Rd4 38. Nxf5 Nxf5 39. Rxf5 Rd2+ 40. Ke3 Rxa2 41. bxc4 Nxc4+ 42. Kf4 Kd6 43. Re1 Ra3 44. Rf7 b5 45. Kf5 Nb6 46. Kf6 Rxf3+ 47. gxf3 Nxd5+ 48. Kf5 c4 49. Rf8 Nc7 50. Rd8+ 1/2-1/2

[Event "FRA-chT2 West 0809"]
[Site "France"]
[Date "2008.10.19"]
[Round "1.7"]
[White "Mahe, Romain"]
[Black "Heimann, Udo"]
[Result "1/2-1/2"]
[WhiteElo "2016"]
[BlackElo "1942"]
[PlyCount "61"]
[EventDate "2008.10.19"]
[EventType "team-tourn"]
[EventRounds "11"]
[EventCountry "FRA"]
[SourceTitle "EXT 2010"]
[Source "ChessBase"]
[SourceDate "2010.11.25"]
[SourceVersion "1"]
[SourceVersionDate "2010.11.25"]
[SourceQuality "1"]
[WhiteTeam "Le Chesnay"]
[BlackTeam "Saint Quentin"]
[WhiteTeamCountry "FRA"]
[BlackTeamCountry "FRA"]

1. e4 c5 2. Nf3 d6 3. d4 cxd4 4. Nxd4 Nf6 5. Bc4 e6 6. Nc3 a6 7. Bb3 Nbd7 8. Be3 Nc5 9. f3 b5 10. a3 Nxb3 11. Nxb3 Bb7 12. Qe2 Qc7 13. Rd1 Be7 14. 0-0 0-0 15. Nd4 d5 16. exd5 Nxd5 17. Nxd5 Bxd5 18. Rfe1 Bd6 19. g3 Rac8 20. c3 Qb7 21. Qf2 Bb8 22. f4 f6 23. Rd2 e5 24. Nf5 Be4 25. Nd6 Bxd6 26. Rxd6 Rcd8 27. Qd2 Rxd6 28. Qxd6 Bh1 29. Qd2 Bd5 30. Qf2 Re8 31. fxe5 1/2-1/2

[Event "Montigny le Bretonneux Noel op 10th"]
[Site "Montigny le Bretonneux"]
[Date "2007.11.01"]
[Round "6"]
[White "Heimann, Udo"]
[Black "Pantic, David"]
[Result "1-0"]
[WhiteElo "1919"]
[BlackElo "2026"]
[PlyCount "65"]
[EventDate "2007.12.26"]
[EventType "swiss"]
[EventRounds "7"]
[EventCountry "FRA"]
[SourceTitle "EXT 2008"]
[Source "ChessBase"]
[SourceDate "2007.11.25"]
[SourceVersion "1"]
[SourceVersionDate "2007.11.25"]
[SourceQuality "1"]

1. e4 d6 2. d4 Nf6 3. Nc3 Nbd7 4. Nf3 e5 5. Bc4 Be7 6. Ng5 0-0 7. Bxf7+ Rxf7 8. Ne6 Qe8 9. Nxc7 Qd8 10. Nxa8 b5 11. f3 Bb7 12. Nxb5 Bxa8 13. c3 d5 14. dxe5 Nxe5 15. exd5 Nxf3+ 16. gxf3 Nxd5 17. Nd4 Bh4+ 18. Ke2 Qf6 19. Qd3 Nf4+ 20. Bxf4 Qxf4 21. Rag1 Re7+ 22. Kd1 Rd7 23. Kc2 Bxf3 24. Qxf3 Rxd4 25. Qxf4 Rxf4 26. Rf1 Re4 27. Kd3 Ra4 28. a3 g5 29. Rf5 Kg7 30. Rhf1 h5 31. Rf7+ Kg8 32. Rd7 g4 33. Rf4 1-0

[Event "Montigny le Bretonneux op 5th"]
[Site "Montigny le Bretonneux"]
[Date "2006.11.05"]
[Round "9.2"]
[White "Forissier, Nicolas"]
[Black "Heimann, Udo"]
[Result "1-0"]
[WhiteElo "1958"]
[BlackElo "1978"]
[PlyCount "77"]
[EventDate "2006.10.28"]
[EventType "swiss"]
[EventRounds "9"]
[EventCountry "FRA"]
[SourceTitle "EXT 2007"]
[Source "ChessBase"]
[SourceDate "2006.11.23"]
[SourceVersion "1"]
[SourceVersionDate "2006.11.23"]
[SourceQuality "1"]

1. d4 Nf6 2. c4 g6 3. Nc3 d5 4. cxd5 Nxd5 5. e4 Nxc3 6. bxc3 Bg7 7. Bc4 c5 8. Be3 0-0 9. Ne2 Nc6 10. 0-0 Qc7 11. Rc1 Rd8 12. Qa4 a6 13. Qa3 Na5 14. Bd3 c4 15. Bc2 Nc6 16. Qc5 Qa5 17. Qxc4 Bd7 18. Bb3 Be8 19. f4 Rac8 20. Qd3 Qc7 21. Qb1 Na5 22. c4 Nxb3 23. Qxb3 Qd7 24. d5 Qg4 25. Ng3 h5 26. f5 Be5 27. Bb6 h4 28. Bxd8 Bd4+ 29. Kh1 hxg3 30. Bxe7 Be5 31. Qf3 Qxf3 32. Rxf3 gxh2 33. fxg6 Kg7 34. gxf7 Bxf7 35. Rcf1 Bg6 36. d6 Be8 37. Bf6+ Bxf6 38. Rxf6 Rxc4 39. d7 1-0

[Event "Montigny le Bretonneux op 5th"]
[Site "Montigny le Bretonneux"]
[Date "2006.11.04"]
[Round "8.5"]
[White "Heimann, Udo"]
[Black "Plantet, Marc"]
[Result "1-0"]
[WhiteElo "1978"]
[BlackElo "1992"]
[PlyCount "81"]
[EventDate "2006.10.28"]
[EventType "swiss"]
[EventRounds "9"]
[EventCountry "FRA"]
[SourceTitle "EXT 2007"]
[Source "ChessBase"]
[SourceDate "2006.11.23"]
[SourceVersion "1"]
[SourceVersionDate "2006.11.23"]
[SourceQuality "1"]

1. Nf3 d5 2. c4 dxc4 3. Na3 e5 4. Nxe5 Bxa3 5. Qa4+ b5 6. Qxa3 Qd5 7. Qg3 g6 8. e3 Nf6 9. Nf3 Nc6 10. Be2 Nb4 11. 0-0 Nc2 12. Rb1 Bf5 13. Nh4 Be4 14. Bf3 Nb4 15. Bxe4 Qxe4 16. Qf3 Qxf3 17. Nxf3 Nxa2 18. b3 cxb3 19. Bb2 Ke7 20. Bd4 a5 21. Rxb3 Rhb8 22. Ra1 a4 23. Ra3 b4 24. R3xa2 b3 25. Rb2 Ne4 26. Ra3 c5 27. Be5 Rd8 28. Kf1 f6 29. Bc3 Nd6 30. Ra1 Rdb8 31. d3 a3 32. Rbb1 c4 33. dxc4 Nxc4 34. Ke2 a2 35. Rb2 Nxb2 36. Bxb2 Rc8 37. Nd4 Rab8 38. Kd3 Rc7 39. Kd2 Rbc8 40. Kd1 Rc1+ 41. Rxc1 1-0

[Event "Montigny le Bretonneux-B 4th"]
[Site "Montigny le Bretonneux"]
[Date "2005.10.23"]
[Round "2"]
[White "Couronne, Patrice"]
[Black "Heimann, Udo"]
[Result "0-1"]
[WhiteElo "1750"]
[BlackElo "1937"]
[PlyCount "88"]
[EventDate "2005.10.22"]
[EventType "tourn"]
[EventRounds "9"]
[EventCountry "FRA"]
[SourceTitle "EXT 2008"]
[Source "ChessBase"]
[SourceDate "2007.11.25"]
[SourceVersion "1"]
[SourceVersionDate "2007.11.25"]
[SourceQuality "1"]

1. b3 e5 2. Bb2 Nc6 3. e3 Nf6 4. Nf3 d6 5. Be2 Be7 6. d3 0-0 7. Nbd2 a5 8. c4 h6 9. 0-0 Nh7 10. c5 f6 11. cxd6 cxd6 12. Nh4 Be6 13. Ng6 Re8 14. Bh5 Bf7 15. f4 Nf8 16. Qg4 Nxg6 17. Bxg6 Bxg6 18. Qxg6 Bf8 19. Rf3 Qd7 20. Rg3 Kh8 21. Ne4 Qe6 22. f5 Qf7 23. Ba3 Nb4 24. Rc1 Rec8 25. Rf1 d5 26. Nf2 Rc2 27. e4 d4 28. Bc1 Qe8 29. Qg4 Qf7 30. Nh3 Rac8 31. Ng5 fxg5 32. Bxg5 hxg5 33. Rh3+ Kg8 34. Qxg5 Be7 35. f6 Bxf6 36. Qf5 Rc1 37. g4 Rxf1+ 38. Kxf1 Rc1+ 39. Ke2 Rc2+ 40. Kd1 g6 41. Qf3 Rxa2 42. g5 Qxb3+ 43. Ke1 Qc3+ 44. Kd1 Qa1# 0-1

[Event "Montigny le Bretonneux 3rd"]
[Site "Montigny le Bretonneux"]
[Date "2004.11.01"]
[Round "9"]
[White "Heimann, Udo"]
[Black "Roux, Jean Luc"]
[Result "1/2-1/2"]
[WhiteElo "1870"]
[BlackElo "1912"]
[PlyCount "27"]
[EventDate "2004.10.??"]
[EventType "swiss"]
[EventRounds "9"]
[EventCountry "FRA"]
[SourceTitle "EXT 2006"]
[Source "ChessBase"]
[SourceDate "2005.11.24"]
[SourceVersion "1"]
[SourceVersionDate "2005.11.24"]
[SourceQuality "1"]

1. c4 c5 2. Nf3 Nf6 3. Nc3 Nc6 4. d4 cxd4 5. Nxd4 e5 6. Ndb5 d6 7. Nd5 Nxd5 8. cxd5 Qa5+ 9. Nc3 Ne7 10. e4 Bd7 11. Bd2 g6 12. Nb5 Qb6 13. Be3 Qa5+ 14. Bd2 1/2-1/2

[Event "Montigny le Bretonneux-B 2nd"]
[Site "Montigny le Bretonneux"]
[Date "2003.11.01"]
[Round "9"]
[White "Richet, Clement"]
[Black "Heimann, Udo"]
[Result "0-1"]
[WhiteElo "1510"]
[BlackElo "1640"]
[PlyCount "102"]
[EventDate "2003.10.??"]
[EventType "swiss"]
[EventRounds "9"]
[EventCountry "FRA"]
[SourceTitle "EXT 2005"]
[Source "ChessBase"]
[SourceDate "2004.11.15"]
[SourceVersion "1"]
[SourceVersionDate "2004.11.15"]
[SourceQuality "1"]

1. d4 Nf6 2. c4 g6 3. Nc3 d5 4. cxd5 Nxd5 5. Bd2 Bg7 6. e4 Nb6 7. Be3 0-0 8. Nf3 Bg4 9. Be2 Nc6 10. d5 Bxf3 11. Bxf3 Ne5 12. Be2 Nbc4 13. Bd4 Nd6 14. f4 Nd7 15. Bxg7 Kxg7 16. Qd4+ Kg8 17. 0-0-0 Nb6 18. h4 Rc8 19. g4 c5 20. dxc6 Qc7 21. Kb1 Qxc6 22. h5 Qc5 23. Qxc5 Rxc5 24. e5 Ndc4 25. Rh2 Kg7 26. Rdh1 Rh8 27. Bd3 Ne3 28. Rh4 Ng2 29. R4h2 Nxf4 30. Be4 Rxe5 31. h6+ Kf6 32. Rf2 Kg5 33. Rhf1 Nbd5 34. Nxd5 Nxd5 35. Bxd5 Rxd5 36. Rxf7 Re5 37. Rg7 Kxg4 38. Rff7 Rc8 39. Rxe7 Rxe7 40. Rxe7 Kh5 41. Rxb7 Kxh6 42. Rxa7 g5 43. b4 g4 44. Ra3 Kg5 45. b5 Kh4 46. b6 Rb8 47. Rb3 g3 48. Rb2 Kh3 49. a4 g2 50. Rxg2 Kxg2 51. a5 h5 0-1

[Event "Montigny le Bretonneux-B 2nd"]
[Site "Montigny le Bretonneux"]
[Date "2003.10.31"]
[Round "8"]
[White "Delpech, Olivier"]
[Black "Heimann, Udo"]
[Result "0-1"]
[WhiteElo "1680"]
[BlackElo "1640"]
[PlyCount "90"]
[EventDate "2003.10.??"]
[EventType "swiss"]
[EventRounds "9"]
[EventCountry "FRA"]
[SourceTitle "EXT 2005"]
[Source "ChessBase"]
[SourceDate "2004.11.15"]
[SourceVersion "1"]
[SourceVersionDate "2004.11.15"]
[SourceQuality "1"]

1. c4 e5 2. Nc3 Nf6 3. g3 Bc5 4. e3 c6 5. Nge2 d6 6. d4 exd4 7. exd4 Bb4 8. Bg2 0-0 9. 0-0 Re8 10. a3 Ba5 11. b4 Bc7 12. Bg5 h6 13. Bd2 Bg4 14. f3 Be6 15. Qb3 d5 16. c5 Bf5 17. Nc1 Qd7 18. Nd1 Bh3 19. Ne3 Bxg2 20. Kxg2 Nh5 21. f4 Qe6 22. Ne2 Nd7 23. Rf3 f5 24. h3 Ndf6 25. Rg1 Ne4 26. Be1 Qg6 27. Kh2 Nhf6 28. g4 fxg4 29. hxg4 Ng5 30. Rff1 Qe4 31. Rg3 Nxg4+ 32. Rxg4 Qxe3 33. Qxe3 Rxe3 34. Ng3 Nf3+ 35. Kg2 Nxe1+ 36. Kf2 Rae8 37. Rxg7+ Kxg7 38. Nf5+ Kg6 39. Nxe3 Nd3+ 40. Kf3 Bxf4 41. Rg1+ Bg5 42. Nc2 Re4 43. a4 Kf6 44. Rd1 Nb2 45. b5 Nxd1 0-1

[Event "Montigny le Bretonneux-B 2nd"]
[Site "Montigny le Bretonneux"]
[Date "2003.??.??"]
[Round "5"]
[White "Benoliel, Pascal"]
[Black "Heimann, Udo"]
[Result "0-1"]
[WhiteElo "1610"]
[BlackElo "1640"]
[PlyCount "116"]
[EventDate "2003.10.??"]
[EventType "swiss"]
[EventRounds "9"]
[EventCountry "FRA"]
[SourceTitle "EXT 2005"]
[Source "ChessBase"]
[SourceDate "2004.11.15"]
[SourceVersion "1"]
[SourceVersionDate "2004.11.15"]
[SourceQuality "1"]

1. e4 c5 2. Nf3 d6 3. c3 Nf6 4. Bc4 e6 5. d3 Qc7 6. 0-0 Be7 7. Be3 a6 8. Nbd2 b5 9. Bb3 0-0 10. d4 Bb7 11. e5 dxe5 12. Nxe5 Nc6 13. Ndf3 Rad8 14. Nxf7 Rxf7 15. Bxe6 h6 16. Bxf7+ Kxf7 17. Qc2 cxd4 18. cxd4 Qd7 19. Rad1 Nb4 20. Ne5+ Kg8 21. Nxd7 Nxc2 22. Nxf6+ Bxf6 23. Rc1 Nxd4 24. Rc7 Bd5 25. Ra7 Bxa2 26. Rxa6 Bc4 27. Re1 Ne2+ 28. Kh1 Bxb2 29. h3 Bc3 30. Rb1 b4 31. Ra4 Bf7 32. g3 Bg6 33. Rbxb4 Bxb4 34. Rxb4 Nc1 35. Kg2 Nd3 36. Rb6 Be4+ 37. Kf1 Bf3 38. Rb1 Nb2 39. Ke1 Rd1+ 40. Rxd1 Nxd1 41. Bd4 Kf7 42. Kd2 g6 43. Be5 Ke6 44. Bg7 h5 45. Bh6 Kd5 46. h4 Nxf2 47. Ke3 Ng4+ 48. Kxf3 Nxh6 49. Kf4 Nf7 50. g4 Ke6 51. gxh5 gxh5 52. Kf3 Kf5 53. Kg3 Ke4 54. Kg2 Kf4 55. Kf2 Kg4 56. Ke3 Ne5 57. Ke4 Kxh4 58. Kxe5 Kg3 0-1

[Event "Montigny le Bretonneux-B 2nd"]
[Site "Montigny le Bretonneux"]
[Date "2003.??.??"]
[Round "6"]
[White "Heimann, Udo"]
[Black "Delpech, Olivier"]
[Result "1-0"]
[WhiteElo "1640"]
[BlackElo "1680"]
[PlyCount "67"]
[EventDate "2003.10.??"]
[EventType "swiss"]
[EventRounds "9"]
[EventCountry "FRA"]
[SourceTitle "EXT 2005"]
[Source "ChessBase"]
[SourceDate "2004.11.15"]
[SourceVersion "1"]
[SourceVersionDate "2004.11.15"]
[SourceQuality "1"]

1. e4 c5 2. Nf3 Nc6 3. d4 cxd4 4. Nxd4 a6 5. Bc4 e6 6. Nxc6 bxc6 7. 0-0 Bb7 8. Qe2 Bc5 9. Be3 Be7 10. e5 d5 11. Bb3 a5 12. Ba4 Qc7 13. Qg4 g6 14. Nc3 h5 15. Qd1 f5 16. Qd2 Kf7 17. Rfe1 Bb4 18. a3 Bxc3 19. Qxc3 Ne7 20. Bc5 Nc8 21. Qg3 Qd8 22. Rad1 Nb6 23. Bb3 Nd7 24. Bd6 a4 25. Ba2 c5 26. Bxd5 Bxd5 27. Rxd5 exd5 28. e6+ Kg7 29. exd7 Qxd7 30. Re7+ Qxe7 31. Bxe7 Rhe8 32. Qd6 Rac8 33. f4 Kh7 34. Qd7 1-0

[Event "Montigny le Bretonneux-B 2nd"]
[Site "Montigny le Bretonneux"]
[Date "2003.??.??"]
[Round "1"]
[White "Heimann, Udo"]
[Black "Villaret, Valerie"]
[Result "1-0"]
[WhiteElo "1640"]
[BlackElo "1330"]
[PlyCount "77"]
[EventDate "2003.10.??"]
[EventType "swiss"]
[EventRounds "9"]
[EventCountry "FRA"]
[SourceTitle "EXT 2005"]
[Source "ChessBase"]
[SourceDate "2004.11.15"]
[SourceVersion "1"]
[SourceVersionDate "2004.11.15"]
[SourceQuality "1"]

1. c4 e6 2. g3 Nf6 3. Bg2 d5 4. cxd5 Nxd5 5. Nc3 c6 6. Nf3 Be7 7. 0-0 0-0 8. d3 Bf6 9. Ne4 Be7 10. a3 Nd7 11. Qc2 N7f6 12. Nxf6+ Nxf6 13. b4 Qc7 14. Bb2 b6 15. Rac1 Bb7 16. Be5 Qd7 17. Qb2 Rac8 18. Rc4 Ne8 19. Rd4 Bd6 20. Rc1 Qe7 21. Rg4 f6 22. Bxd6 Nxd6 23. Nd4 Qd7 24. h4 e5 25. Qb3+ Kh8 26. Ne6 Rfe8 27. Rxg7 Qxe6 28. Qxe6 Rxe6 29. Rd7 Kg8 30. Bh3 f5 31. e4 Rf6 32. exf5 c5 33. bxc5 Rxc5 34. Rxc5 bxc5 35. g4 Rh6 36. Kh2 a5 37. g5 Bc6 38. Rd8+ Kg7 39. gxh6+ 1-0